| 000 | 00821nam a22002411a 4500 | ||
|---|---|---|---|
| 001 | 695 | ||
| 003 | BD-RjUL | ||
| 005 | 20211208233223.0 | ||
| 008 | 131123s1937 nyu 0 eng d | ||
| 035 | _a(BD-RjUL)715 | ||
| 035 | _a(BD-RjUL) | ||
| 040 |
_aNUN _beng _cNUN _dNUN |
||
| 041 | _aeng | ||
| 082 | 0 | 4 |
_a025.81 _219 _bKEC 1938 |
| 100 | 1 |
_aKelley, Grace Osgood _92084 |
|
| 245 | 1 | 4 |
_aThe classification of books : _ban inquiry into its usefulness to the reader / _cGrace Osgood Kelley. |
| 260 |
_aNew.York. : _bWilson , _cc1937 [Reprint 1938]. |
||
| 300 |
_a200 p. ; _c23 cm. |
||
| 504 | _aIncludes index. | ||
| 650 | 0 |
_aClassification _xBooks. _92085 |
|
| 856 | _uhttp://www.worldcat.org/title/classification-of-books-an-inquiry-into-its-usefullness-to-the-reader/oclc/1748749&referer=brief_results | ||
| 942 |
_2ddc _cBK |
||
| 999 |
_c695 _d695 |
||